Norma de control de calidad y norma de revisin̤ de control de calidad

Detalles Bibliográficos
Formato: Libro
Lenguaje:español
Publicado: Mx̌ico Instituto Mexicano de Contadores Pb︢licos 2014
Materias:
Acceso en línea:Acceso restringido

MARC

LEADER 00000nam a22000007a 4500
005 20160223154320.0
007 cr|||| ||u|
008 160223s2014 mx ||||| |||| 00||0 spa d
020 |a 978-607-8384-13-6 
035 |a 13090 
040 |a vLex 
090 |c 5904  |d 5904 
245 1 0 |a Norma de control de calidad y norma de revisin̤ de control de calidad  |h [Recurso electrn̤ico] /  |c CTC Comisin̤ Tčnica de Calidad  
256 |a Servicio en ln̕ea  
260 |a Mx̌ico  |b Instituto Mexicano de Contadores Pb︢licos  |c 2014 
300 |a 1 recurso electrn̤ico  
500 |a Uno de los principales objetivos del Instituto Mexicano de Contadores Pb︢licos (IMCP) consiste en fomentar entre la membreca̕ la excelencia, mediante la continua capacitacin̤ de los Contadores Pb︢licos para fortalecer sus capacidades con los ms̀ altos estǹdares ťicos, as ̕como enaltecer y resaltar los niveles de responsabilidad, combinados con la experiencia y competencia profesional para el cumplimiento de sus servicios ante la sociedad. Esta obra es una herramienta que le brindar ̀elementos ter̤icos y prc̀ticos sl̤idos para una p̤tima comprensin̤ de la Norma de Control de Calidad (NCC) y la Norma de Revisin̤ de Control de Calidad (NRCC) y su Reglamento. La NCC es obligatoria para todas las Firmas de Contadores Pb︢licos que desempeąn revisiones de auditora̕ y efecta︢n revisiones de informacin̤ financiera, trabajos para atestiguar y otros servicios relacionados. En ella se establecen los elementos bs̀icos necesarios para la composicin̤ de un sistema de control de calidad que est ̌sustentado en polt̕icas y procedimientos desarrollados por la Firma, para cumplir con la normatividad establecida en la norma vigente. El contenido que encontrar ̀en esta obra est ̀en armona̕ con las disposiciones establecidas por el IMCP, en sus Estatutos, Cd̤igo de Ética, NCC, NRCC y su Reglamento, as ̕como en la Gua̕ de Control de Calidad para Pequeąs y Medianas Firmas de Auditora̕, emitida por la International Federation of Accountants (IFAC), en donde adems̀ de consultar la Norma de Control de Calidad Internacional podr ̀acceder a los ejemplos prc̀ticos para la implementacin̤ del Sistema de Control de Calidad de su Firma. 
506 1 |a Contenido solo disponible en los productos indicados   |d vLex Global  |d vLex Global (Academic Edition, excluding Law Schools)  |d vLex Global (U.S. Academic Edition, Law Schools)  |d vLex Global (U.S. Academic Edition, excluding Law Schools)  |d vLex Global (Academic Edition, Law Schools) 
650 0 4 |a Control de calidad   |z Mx̌ico 
740 0 |a vLex libros (servicio en ln̕ea)  
856 4 0 |u http://vlex.com/source/norma-de-control-de-calidad-y-norma-de-revision-de-control-de-calidad-13090  |z Acceso restringido  
942 |c BOOK 
999 0 |a Quality control